LEADER 00979nam a2200253 i 4500 001 000000223935 003 CaOOAMICUS 005 20131022000000.0 008 131022s2013 it u000 u ita u 013 $a202833 020 $a978-88-6783-028-2 040 $aSeMil$bita 100 1 $aMauri, Cristiano,$d<1972- >.$0(OLS)http://semarc/name/93935 245 13$aLa bottega del vasaio :$buna nuova rete per la Chiesa /$cCristiano Mauri. 260 $aTorino :$bAdd,$c2013. 300 $a221 p. ;$c19 cm. 490 0 $aAdd ;$v41 830 0$aAdd ;$v41.$0(OLS)http://semarc/title/39269 850 $aSeMil 852 $aSeMil$W1$xVenegono$y1$m3F IV 462$j174281$B174281$CSeMilBibl$Z2$F185919 $81 961 $aOmaggio: Delpini mons. Mario 996 $6020$a978-88-6783-028-2$9(OLS)http://semarc/number/224228 996 $6245$aLa bottega del vasaio :$buna nuova rete per la Chiesa$9(OLS)http://semarc/title/321037 996 $6260$aTorino :$bAdd$9(OLS)http://semarc/publisher/37932 LEADER 01131nam a2200265 i 4500 001 000000082182 003 CaOOAMICUS 005 20180920090117.0 008 180727s2018 it u000 u ita u 013 $a54422 020 $a978-88-6894-277-9 040 $aSeMil$bita 110 2 $aArcidiocesi di Milano.$0(OLS)http://semarc/name/400 245 13$aLa sinodalità nella Chiesa :$bun approccio multidisciplinare /$cArcidiocesi di Milano. 260 $aMilano :$bCentro Ambrosiano,$c2018. 300 $a203 p. ;$c21 cm. 490 0 $aStrumenti per la riforma della Chiesa 650 4$aChiesa e sinodalità.$0(OLS)http://semarc/subject/18874 830 0$aStrumenti per la riforma della Chiesa.$0(OLS)http://semarc/title/400371 850 $aSeMil 852 $aSeMil$W1$xVenegono$y1$m2KA U 1$j228168$B238538$CSeMilBibl$Z2$F238538 $81 996 $6020$a978-88-6894-277-9$9(OLS)http://semarc/number/271339 996 $6245$aLa sinodalità nella Chiesa :$bun approccio multidisciplinare$9(OLS)http://semarc/title/404983 996 $6260$aMilano :$bCentro Ambrosiano$9(OLS)http://semarc/publisher/29766